Les personnages de Mystère et Cie - Scooby-Doo - Statistiques

Statistiques générales
  • Ce quiz a été pris 670 fois
  • Le résultat moyen est 5 sur 5
Statistiques - réponses
Noms des personnages % Correct
Sammy Norville Rogers
99%
Scooby-Doo
99%
Véra Dinkley
98%
Daphné Blake
97%
Fred Jones
97%
Aucun quiz correspondant
Distribution des résultats
% des personnes avec chaque résultat
Percentile par nombre de réponses
Votre historique - résultats
Vous n’avez pas pris ce quiz